000 00520ntaaa2200169 4500
003 01
005 20251027203119.0
008 0714s1973 ag 01
040 _aAR-BaBN
_bspa
_cAR-BaBN
_eaacr
_dRIC
082 _a220.5210 J23h
100 _aBiblia. Inglés. King James. 1953
_932706
245 _aThe Holy Bible
250 _a1 ed.
260 _aLondon :
_bThe British and Foreign Bible Society,
_c1953
300 _a1266 p. ;
_cils., mapas; 14cm
500 _aEdición de la Coronación de la Reina Elizabeth, Junio, 1953.
999 _c26591
_d26591